世界の空港 利用客ランキングTOP10 - Statistics

General Stats
  • This quiz has been taken 355 times
  • The average score is 6 of 10
Answer Stats
順位 空港名 提供座席数 % Correct
3 羽田空港 55,204,580
97%
4 ロンドン・ヒースロー空港 51,553,190
84%
2 ドバイ国際空港 60,236,220
81%
9 上海浦東国際空港 48,503,741
80%
8 イスタンブール空港 48,517,967
73%
10 シカゴ・オヘア国際空港 46,992,360
54%
1 ハーツフィールド・ジャクソン・アトランタ国際空港 62,743,665
38%
7 広州白雲国際空港 48,852,986
37%
5 ダラス・フォートワース国際空港 51,516,707
35%
6 デンバー国際空港 49,218,244
17%
No matching quizzes found
Score Distribution
Percent of People with Each Score
Percentile by Number Answered
Your Score History
You have not taken this quiz